| 000 | 00414nam a2200133Ia 4500 | ||
|---|---|---|---|
| 008 | 240624s9999 xx 000 0 und d | ||
| 041 | _aeng | ||
| 082 | _a060 SHA | ||
| 100 | _aSHARMA JITENDRA | ||
| 245 | _aINTERNATIONAL CONFERENCE ON OPERATIONS AND MANAGEMENT SCI | ||
| 260 |
_c2010 _aManagement Sci ces 2010 (ICOMS-2010)New Delhi _bExcel India Publishers |
||
| 300 | _axiii, : 683 : p. : cm. ; 25 | ||
| 365 | _cRS | ||
| 999 |
_c19173 _d19173 |
||